LEADER 00896nam0 2200265 450 001 000024942 005 20090313095903.0 100 $a20090313d1960----km-y0itaa50------ba 101 0 $ager 102 $aDE 200 1 $aMusikalische Poetik$fIgor Stravinsky$gÜbersetz von Heinrich Strobel 210 $aWiesbaden$cInsel$d1960 215 $a90 p.$d19 cm 225 2 $aInsel-Bücherei$v713 410 0$12001$aInsel-Bücherei$v713 676 $a780$v(21. ed.)$9Musica 700 1$aStravinskij,$bIgor$0246906 801 0$aIT$bUniversità della Basilicata - B.I.A.$gRICA$2unimarc 912 $a000024942 996 $aMusikalische Poetik$992641 997 $aUNIBAS BAS $aLETTERE CAT $aEXT10$b01$c20090313$lBAS01$h0959 FMT Z30 -1$lBAS01$LBAS01$mBOOK$1BASA1$APolo Storico-Umanistico$2FMAS$BFondo Masini$3FMas/817/1733$6817/1733$5B817/1733$820090313$f04$FPrestabile Didattica LEADER 01699nam2 22004093i 450 001 BVE0038698 005 20251003044052.0 010 $a8820471442 020 $aIT$b92-950 100 $a20110912d1991 ||||0itac50 ba 101 | $aita 102 $ait 181 1$6z01$ai $bxxxe 182 1$6z01$an 200 1 $aˆLa ‰flessibilità del lavoro in Italia$fa cura di M. Maruani, E. Reynaud, C. Romani 210 $aMilano$cF. Angeli$d©1991 215 $a306 p.$d22 cm. 461 1$1001SBL0579177$12001 $aQuaderni di economia del lavoro$equadrimestrale$fpromosso da Luigi Frey$v41-42 606 $aORGANIZZAZIONE DEL LAVORO$xITALIA$xCONGRESSI$x1973$2FIR$3MILC047364$9I 676 $a331.1$9FORZE DI LAVORO E MERCATO DEL LAVORO$v21 676 $a331.12$9MERCATO DEL LAVORO$v20 676 $a331.127$9MOBILITA' DEL LAVORO$v21 696 $aConvegni$aCongressi e convegni$aOrganizzazione scientifica del lavoro 699 $aCongressi$yConvegni 699 $aCongressi$yCongressi e convegni 699 $aOrganizzazione del lavoro$yOrganizzazione scientifica del lavoro 702 1$aMaruani$b, Margaret$3BVEV002337 702 1$aReynaud$b, Emmanuele$3BVEV002338 702 1$aRomani$b, Claudine$3BVEV002340 801 3$aIT$bIT-000000$c20110912 850 $aIT-BN0095 $aIT-NA0457 901 $bNAP BI$cSALA 3 $nLibri da 1597 a 3785 912 $aBVE0038698 950 2$aBiblioteca Centralizzata di Ateneo$c1 v.$d 01POZZO LIB.ECON MON 3440$e 0101 0000135565E VMA 1 v.$fB $h20210318$i20210318 977 $a 01$a BI 996 $aFlessibilità del lavoro in Italia$9577004 997 $aUNISANNIO